000 00309nam a2200121Ia 4500
008 190802s9999 xx 000 0 und d
020 _a13:978-93-85965-05-0
100 _aR C Sharma
245 0 _aBusiness Correspondence and Report Writing
260 _aUSA
_bPearson
_c2017
300 _a536:p
942 _cBK
999 _c2366
_d2366